| 000 | 00686nam a22002297a 4500 | ||
|---|---|---|---|
| 005 | 20170124110015.0 | ||
| 010 | _aA-357425 | ||
| 020 | _c60.00 | ||
| 035 | _aA-357425 | ||
| 037 | _bCen Lib/Ret | ||
| 040 |
_aDPL _bEN |
||
| 082 |
_a336.24 _bSIN |
||
| 100 |
_aSinghania, Vinod Kumar _918595 |
||
| 245 |
_aStudents guide to incometax 1988-89 / _cby Vinod Kumar Singhania |
||
| 260 |
_a Delhi _bTaxmann publications _c1988 |
||
| 270 |
_a1871,Kucha Chelan khari Baoli _b Delhi _e110006 |
||
| 300 |
_aVarious pages _c22cm(Hb) |
||
| 650 |
_aIncome tax _918596 |
||
| 650 |
_aIncome tax--Law and legislation _918597 |
||
| 700 | _918366 | ||
| 942 |
_2ddc _cEN _h336.24 _mSIN |
||
| 999 |
_c126829 _d126829 |
||